| 000 | 00784cam a2200289 4500500 | ||
|---|---|---|---|
| 005 | 20260405003008.0 | ||
| 041 | _afre | ||
| 042 | _adc | ||
| 100 | 1 | 0 |
_aPerragin, Charles _eauthor |
| 245 | 0 | 0 | _aJames Alison. Prêtre, gay et inspiré par René Girard |
| 260 | _c2019. | ||
| 500 | _a45 | ||
| 690 | _aCatholique | ||
| 690 | _achristianisme | ||
| 690 | _aCure | ||
| 690 | _aÉglise | ||
| 690 | _aFoi | ||
| 690 | _aGay | ||
| 690 | _aHomosexualité | ||
| 690 | _aJames Alison | ||
| 690 | _aLGBT | ||
| 690 | _aLGBTQI | ||
| 690 | _aPrêtre | ||
| 690 | _aRené Girard | ||
| 786 | 0 | _nPhilosophie magazine | 135 | 12 | 2019-12-01 | p. 3-3 | 1951-1787 | |
| 856 | 4 | 1 | _uhttps://shs.cairn.info/magazine-philosophie-magazine-2019-12-page-3?lang=fr&redirect-ssocas=7080 |
| 999 |
_c2063332 _d2063332 |
||